000 00698nam a2200253Ia 4500
003 OSt
005 20220925231930.0
006 a|||||r|||| 00| 0
007 ta
008 220923b |||||||| |||| 00| 0 eng d
020 _a0792377702
037 _cGeneral Book
040 _aRTL
_cRTL
_beng
041 _2eng
_aeng
082 _aX:(B), P0.1
100 _aRosser J Barkley
245 0 _aFrom catastrophe to chaes
_b A general theory of ec
250 _aEd2nd
260 _aMassachusetts
_bKluwer Academic Publishers
_c2000
490 _vV1
650 _aMathemetical Economics
942 _hX:(B), P0.1
_cGB
_2CC
999 _c589813
_d589813